000
00375nam a2200181Ia 4500
003
IT-RoPAU
008
120407s9999 xx 000 0 und d
040
_a
IT-RoPAU
040
_c
IT-RoPAU
100
_a
Pierre Dufoyer
245
_a
Ama tuo marito
260
_a
Edizioni Paoline
300
_c
cm
490
_v
1
700
_a
Lefranc
700
_c
dott.
942
_c
BK
999
_c
3257
_d
3257